000 00342nam a2200145Ia 4500
008 191201s2008 xx 000 0 und d
082 _a005.133
_bBRP
100 _aBradley, Julia Case
245 0 _aProgramming in Visual Basic 6.0
250 _aRep.
260 _aN.Delhi
_bTMH
_c2008
300 _a684
650 _aMCA
942 _2ddc
_cBK
_02
999 _c3716
_d3716